The electric-lamp industry : Technological change and economic development from 1800 to 1947
This book introduce about genesis of the lamp industry. Adolescence of the lamp industry. The mature lamp industry.
Uloženo v:
| Hlavní autor: | |
|---|---|
| Médium: | Kniha |
| Jazyk: | Undetermined |
| Vydáno: |
New York
Arno Press
1972
|
| Témata: | |
| Tagy: |
Přidat tag
Žádné tagy, Buďte první, kdo otaguje tento záznam!
|
| Thư viện lưu trữ: | Trung tâm Học liệu Trường Đại học Cần Thơ |
|---|
| LEADER | 00763nam a2200217Ia 4500 | ||
|---|---|---|---|
| 001 | CTU_230097 | ||
| 008 | 210402s9999 xx 000 0 und d | ||
| 082 | |a 338.4 | ||
| 082 | |b B855 | ||
| 100 | |a Bright, Arthur Aaron | ||
| 245 | 4 | |a The electric-lamp industry : | |
| 245 | 0 | |b Technological change and economic development from 1800 to 1947 | |
| 245 | 0 | |c Arthur Aaron Bright | |
| 260 | |a New York | ||
| 260 | |b Arno Press | ||
| 260 | |c 1972 | ||
| 520 | |a This book introduce about genesis of the lamp industry. Adolescence of the lamp industry. The mature lamp industry. | ||
| 650 | |a Công nghiệp điện tử,Electric industries | ||
| 650 | |x Lịch sử,History | ||
| 910 | |b dqhieu | ||
| 980 | |a Trung tâm Học liệu Trường Đại học Cần Thơ | ||